Born in Sunderland - Statistics

General Stats
  • This quiz has been taken 25 times
  • The average score is 4 of 10
Answer Stats
Hint Answer % Correct
Footballer who plays for Brentford and former player for Liverpool and the English national team 1990 Jordan Henderson
83%
Footballer who plays for Borussia Möncgengladbach and the United States national team 2002 Giovanni Reyna
70%
Former footballer who played for Manchester City, Everton and the English women's national team 1987 Jill Scott
57%
Musician and one half of Eurythmics 1952 Dave Stewart
48%
Singer, "Read All About It" "Beneath Your Beautiful" 1987 Emeli Sandé
39%
Keyboardist of Deep Purple since 2002 1948 Don Airey
13%
First British person to fight in the UFC, "The Machine" 1966 Ian Freeman
13%
Inventor of the electric light bulb 1828 Joseph Swan
13%
Inventor of a hand grenade named after him 1856 William Mills
13%
Actress best known for her role as Martha Hanson in "The Americans" 1976 Alison Wright
9%
No matching quizzes found
Score Distribution
Percent of People with Each Score
Percentile by Number Answered
Your Score History
You have not taken this quiz